000 03384cam a22012134i 4500
003 PE-LiUPU
005 20250813185411.0
008 171211s2009 sp 0 rb 000 0 spa d
020 _a9786124726125
035 _a(Sirsi) a240394
040 _aPE-LiUPU
_bspa
_cPE-LiUPU
_erda
049 _aPRUA
082 0 4 _a378.007
_bA552m
_223
100 1 _aAndia Valencia, Walter,
_eautor.
245 1 0 _aManual de investigación universitaria :
_bpautas para la planificación de una tesis /
_cWalter Andia Valencia.
250 _aPrimera edición.
264 1 _aBarcelona :
_bGraó,
_c2009.
300 _a226 páginas ;
_c24 centímetros
336 _atext
_2rdacontent
337 _aunmediated
_2rdamedia
338 _avolume
_2rdacarrier
504 _aBibliografía : páginas 223-226.
505 0 _aEl término "competencia" nace como respuesta a las limitaciones de la enseñanza tradicional -- Las compentencias son la actuación eficiente en un contexto determinado -- La competencia siempre implica conocimimentos interrelacionados con habilidades y atitudes -- Los fines de la educación en competencias son el pleno desarrollo de la persona -- Las compentencias escolares deben abarcar el ámbito social, interpersonal, personal y profesional -- El aprendizaje de las competencias es siempre funcional -- Enseñar competencias comporta partir de situaciones y problemas reales -- Las disciplinas no son suficientes para aprender competencias -- El área común: respuesta a la enseñanza de competencias -- Los métodos para la enseñanza de las competencias deben tener un enfoque globalizador.
526 _aP202
526 _aP201
526 _aP163
526 _aP162
526 _aP161
526 _aP160
526 _aP148
526 _aP147
526 _aP146
526 _aP145
526 _aP144
526 _aP143
526 _aP142
526 _aP141
526 _aP140
526 _aP139
526 _aP138
526 _aP137
526 _aP136
526 _aP135
526 _aP134
526 _aP133
526 _aP129
526 _aP128
526 _aP127
526 _aP120
526 _aP119
526 _aP118
526 _aP116
526 _aP115
526 _aP114
526 _aP110
526 _aP109
526 _aP108
526 _aP104
526 _aP103
526 _aP102
526 _aP99
526 _aP98
526 _aP97
526 _aP96
526 _aP95
526 _aP93
526 _aP90
526 _aP89
526 _aP88
526 _aP83
526 _aP82
526 _aP62
526 _aP59
526 _aP58
526 _aP57
526 _aP51
526 _aP49
526 _aP48
526 _aP47
526 _aP29
526 _aP24
526 _aP20
526 _aP19
526 _aP17
526 _aP15
526 _aP14
526 _aP12
526 _aP10
526 _aP09
526 _aP08
526 _aP07
526 _aP06
526 _aP05
526 _aP04
526 _aP01
650 4 _aInvestigación.
650 4 _aUniversitaria.
650 0 4 _aInvestigation.
650 0 4 _aUniversity.
910 _adbm
942 _2ddc
_cBOOK
980 _81
_gALBERTO SANCHEZ Responsable de Automatización
999 _c26057
_d26057